Регионална библиотека "Любен Каравелов" - Русе

Публичната власт (Запис номер 108098)

MARC детайли
000 -Лидер
Контролно поле с фиксирана дължина 01685nam a2200409 c 4500
003 - Код на организацията, давaща контролен номер
Контролно поле BLK
005 - Дата и час на последна редакция
Контролно поле 20180420230530.0
008 - Елементи от данни с фиксирана дължина
fixed length control field 180409b bul|||||r ||||||| ||bul||
010 ## - Наследен системен номер
LC control number KNG00113396000
020 ## - Международен стандартен номер на книга ISBN
Международен стандартен номер на книга ISBN 954-649-681-2
-- издат.: Сиела Софт енд Паблишинг
040 ## - Източник на каталожния запис
Идентификатор на билиотеката - собственик на записа BLK
041 ## - Код за език
Код за езика на текст/звукозапис или на отделно заглавие Български
Код за езика КДБФ Български
080 ## - УДК
Текстов определител УДК Власт (Суверенитет)
УДК код - определител по УДК 321.011
УДК определител
УДК - код + определител 321.011
080 ## - УДК
Текстов определител УДК Държавна власт. Система и функции на държавните органи
УДК код - определител по УДК 342.5
УДК определител
УДК - код + определител 342.5
080 ## - УДК
Текстов определител УДК Конституции. Законодателни събрания. Народни събрания
УДК код - определител по УДК 342.4
УДК определител (497.2)
УДК - код + определител 342.4(497.2)
100 1# - Редна дума - Автор
Автор Киров, Васил Цветанов
Авторска отговорност първи автор
R(LIN) 311149
139 ## - Редно поле
Редна дума Киров, Васил Цветанов
Авторски знак Киро - К 59
245 10 - Сведения за заглавието
Заглавие Публичната власт
Подзаглавни данни Теория и конституционна орг.
Редно поле (дума) Васил Цветанов Киров.
257 ## - Страна на издаване
Страна на създаване/издаване България
260 ## - Област на издателските данни
-- София
Име на издателя, разпространителя и проч. Сиела Софт енд Паблишинг
Година на издаване 2004
300 ## - Физическа характеристика
Страници 284 с.
Размери/Мащаб 21 см
380 ## - Жанр
Жанр Обществени науки
500 ## - Общи забележки
Забележка Библиогр. с. 273-282. - Офс. изд.
504 ## - Забележка за наличие на библиография и др
Забележка за наличие на библиография и под. 273-282
650 #4 - Допълнително описание по предмет – тема
Основно описание – тема или топоним Власт
9 (RLIN) 150918
650 #4 - Допълнително описание по предмет – тема
Основно описание – тема или топоним Държавен апарат - България
9 (RLIN) 255908
650 #4 - Допълнително описание по предмет – тема
Основно описание – тема или топоним Разделение на властите
9 (RLIN) 250555
650 #4 - Допълнително описание по предмет – тема
Основно описание – тема или топоним България - конституция
9 (RLIN) 242222
653 ## - Ключова дума – ненормативна
Ключова дума власт
653 ## - Ключова дума – ненормативна
Ключова дума държавна власт
653 ## - Ключова дума – ненормативна
Ключова дума конституции
852 ## - Местоположение
Форматна сигнатура Цб 219795
856 4# - Електронен адрес и достъп
Електронен формат pdf - файл
Път до файла /url/
856 4# - Електронен адрес и достъп
Електронен формат pdf - файл
Път до файла /url/
942 ## - АРТИКУЛИ
Вид на библиотечния материал Книги
Скрит в OPAC Не
944 ## - СЪЗДАВАНЕ И РЕДАКЦИЯ на ЗАПИСА
Създаване/Редакция Създаване
Дата на регистрацията/редакция 03.06.2004
Служител, извършил регистрацията/редакцията Геновева_Генчева
944 ## - СЪЗДАВАНЕ И РЕДАКЦИЯ на ЗАПИСА
Създаване/Редакция Редакция
Дата на регистрацията/редакция 05.07.2005
Служител, извършил регистрацията/редакцията
999 ## - СИСТЕМНИ КОНТРОЛНИ НОМЕРА
Koha biblionumber 108098
Koha biblioitemnumber 108098
Наличности
Код за отписване Код за изгубен артикул Код за повреда Коз за рестрикции Код за отдаване Артикулен № Име на библиотеката - собственик Име на библиотеката, в която се намира в момента Статус (Текущо местоположение) Дата на вписване в системата Местоположение - отдел Цена в лева Инвентарен номер Систематично азбучна сигнатура Баркод Номер на екземпляра Цена в евро Служебна бележка Служебен тип на артикула
  Не е изгубен Не е повреден без рестрикции ползва се в читалня 174381 Регионална библиотека "Любен Каравелов" Русе Регионална библиотека "Любен Каравелов" Русе Читалня 2004-05-31 Читалня 12.00 120000685923 Ч 32/К 59 120000685923 1 6.14 Дост: Pk Вид: Ф N: 4 Дата: 31.05.2004 Дата инв: 22.03.2017 Бележки инв: Ч2017 Книги
  Не е изгубен Не е повреден без рестрикции заемане за дома 174382 Регионална библиотека "Любен Каравелов" Русе Регионална библиотека "Любен Каравелов" Русе Заемна - подръчен фонд 2004-12-30 Заемна - подръчен фонд 11.40 120000690912 П 32/К 59 120000690912 2 5.83 Дост: Pk Вид: Ф N: 29002826 Дата: 28.12.2004 Дата инв: 02.02.2018 Бележки инв: П2018 Книги
  Не е изгубен Не е повреден без рестрикции ползва се в читалня 174383 Регионална библиотека "Любен Каравелов" Русе Регионална библиотека "Любен Каравелов" Русе Хранилище 2005-06-23 Хранилище 12.00 120000695045 Цб 219795 120000695045 3 6.14 Дост: Dp Вид: Д N: 32 Дата: 28.07.2004 Книги
Vip Innovations Ltd, Rousse, Bulgaria 2025